<?xml version="1.0" encoding="UTF-8"?>
<marc:record xmlns:marc="http://www.loc.gov/MARC21/slim">
   <marc:leader>00000nam a2200000 a 4500</marc:leader>
   <marc:datafield ind1="1" ind2=" " tag="100">
      <marc:subfield code="a">Droste-Laux, Michael</marc:subfield>
      <marc:subfield code="4">aut</marc:subfield>
      <marc:subfield code="e">Verfasser/-in</marc:subfield>
   </marc:datafield>
   <marc:datafield ind1=" " ind2=" " tag="653">
      <marc:subfield code="a">Haut</marc:subfield>
   </marc:datafield>
   <marc:datafield ind1="0" ind2="0" tag="245">
      <marc:subfield code="a">Gift auf unserer Haut</marc:subfield>
   </marc:datafield>
   <marc:datafield ind1="0" ind2="0" tag="245">
      <marc:subfield code="b">warum herkömmliche Kosmetik schadet und wie basische schön und gesund macht</marc:subfield>
   </marc:datafield>
   <marc:datafield ind1="0" ind2="0" tag="245">
      <marc:subfield code="c">Droste-Laux, Michael</marc:subfield>
   </marc:datafield>
   <marc:datafield ind1=" " ind2="1" tag="264">
      <marc:subfield code="a">München</marc:subfield>
      <marc:subfield code="b">Droemer Verlag</marc:subfield>
      <marc:subfield code="c">2016</marc:subfield>
   </marc:datafield>
   <marc:datafield ind1="1" ind2=" " tag="520">
      <marc:subfield code="a">Beinah jeder Mensch hat früher oder später Hautprobleme, die auf Übersäuerung zurückzuführen sind. Verantwortlich dafür ist nicht nur die Ernährung, sondern auch Körperpflegemittel und Kosmetik. Auf der Haut zeigt sich häufig, wie es um den Säure-Basen- Status bestellt ist. Michael Droste-Laux, der anerkannte Gesundheitsexperte auf diesem Gebiet, unterzieht den hartnäckig verteidigten Glaubenssatz vom Säureschutzmantel einer strengen Überprüfung. Er zeigt auf, dass herkömmliche Kosmetika in Kombination mit höchst fragwürdigen Zutaten eine Übersäuerung des Zellzwischenraumes und des Bindegewebes bewirken und damit Zivilisationskrankheiten fördern können.&#xD;
Verlagstext)</marc:subfield>
   </marc:datafield>
   <marc:datafield ind1=" " ind2=" " tag="020">
      <marc:subfield code="a">9783426657904</marc:subfield>
      <marc:subfield code="9">9783426657904</marc:subfield>
   </marc:datafield>
   <marc:datafield ind1=" " ind2=" " tag="020">
      <marc:subfield code="a">3426657902</marc:subfield>
      <marc:subfield code="9">3426657902</marc:subfield>
   </marc:datafield>
   <marc:datafield ind1=" " ind2=" " tag="041">
      <marc:subfield code="a">ger</marc:subfield>
   </marc:datafield>
   <marc:datafield ind1=" " ind2=" " tag="338">
      <marc:subfield code="a">Band</marc:subfield>
   </marc:datafield>
   <marc:datafield ind1=" " ind2=" " tag="300">
      <marc:subfield code="a">253 S.</marc:subfield>
   </marc:datafield>
</marc:record>
